LEADER 00918nam a2200181 i 4500 001 000000011688 003 CaOOAMICUS 005 20180830125441.0 008 180830s1969 sp u000 u und u 040 $aSeMil$bita 245 10$aEspiritualidades no cristianas. 260 $aBarcelona :$bJuan Flors,$c1969. 300 $av. ;$c25 cm. 773 0 $tPerfección Cristiana. Vida y Doctrina.$dBarcelona : Juan Flors, [196?]$w()11684 773 0 $tHistoria de la Espiritualidad.$dBarcelona : Juan Flors, 1969.$w()11685 774 0 $aFaur, José$tEspiritualidades judía y musulmana, del mundo greco-romano, de los antiguos pueblos paganos, de las culturas indígenas hispanoamericans y de los pueblos orientales. Ateísmo.$kPerfección Cristiana. Vida y Doctrina$gC.4$w()126764 996 $6245$aEspiritualidades no cristianas$9(OLS)http://semarc/title/15448 996 $6260$aBarcelona :$bJuan Flors$9(OLS)http://semarc/publisher/33217 LEADER 01433nam a2200277 i 4500 001 000000033372 003 CaOOAMICUS 005 20180830125450.0 008 180830s2004 it u000 u ita u 020 $a88-7601-013-0 040 $aSeMil$bita 100 1 $aAlighieri, Dante,$d<1265-1321>.$0(OLS)http://semarc/name/453 245 13$aLa Divina Commedia tradotta in lengua milanesa de l'Avocatt Ambroeus Maria Antonini /$ca cura di Pier Luigi Amietta e Pier Gildo Bianchi. 260 $aMilano :$bViennepierre,$c2004. 300 $a3 v. ;$c21 cm. 650 4$aAlighieri, Dante <1265-1321> . Divina Commedia.$0(OLS)http://semarc/subject/338 700 1 $aBianchi, Pier Gildo <1920-2006>.$0(OLS)http://semarc/name/3070 700 1 $aAmietta, Pier Luigi.$0(OLS)http://semarc/name/15298 700 1 $aAntonini, Ambrogio Maria.$0(OLS)http://semarc/name/15297 773 0 $tParabordi.$dMilano : Viennepierre, [19--?]$w()18637 774 0 $aAntonini, Ambrogio Maria$tInferno.$kParabordi$z88-7601-013-0$g1$w()84257 774 0 $aAntonini, Ambrogio Maria$tParadiso.$kParabordi$g3$w()251165 774 0 $aAntonini, Ambrogio Maria$tPurgatorio.$kParabordi$g2$w()251166 996 $6020$a88-7601-013-0$9(OLS)http://semarc/number/1478 996 $6245$aLa Divina Commedia tradotta in lengua milanesa de l'Avocatt Ambroeus Maria Antonini$9(OLS)http://semarc/title/45156 996 $6260$aMilano :$bViennepierre$9(OLS)http://semarc/publisher/34653